00733nam a22002297a 450000500170000001000110001702000210002803500110004903700160006004000120007608200160008810000230010424501310012726000460025827000330030430000330033750000440037065000170041465000310043170000230046270000180048520170124110117.0 a589490 c00.00a236177249 a589490 bCen Lib/Ret aDPLbEN a954.61bWAL aWaldschmidt, Ernst aNepal : cby Ernst Waldschmidt [and] Rose Leonore Waldschmidt ; translated by David Wilsonbart treasures from the Himalayas / aCalcuttabOxford and IBH Publishingc1969 a17, Park Street bCalcutta a160p. :c24cm(Hb)bcol. ill. aIncludes bibliographical references  aArt, Nepali  aArt, Nepali -- Exhibitions aWaldschmidt, Rose  aWilson, David